000 00820nam0a22002771 4500
001 rc\3566993
005 20250610042908.0
021 _aRU
_b76-83344
021 _aRU
_bРг14286-77
035 _a(NLR Aleph) 007689297
090 _a6624090
_c6624090
100 _a20130115d1976 |||y0rusy50 ca
101 0 _arus
102 _aRU
105 _aa z |||||
200 1 _aСъемные кузова автомобилей
210 _aМосква
_cТранспорт
_d1976
215 _a95 с.
_cил.
_d21
320 _aБиблиогр.: с. 92
700 1 _aЧеботаев
_bА.А.
_gАлик Александрович
701 1 _aЭдиев
_bС.-А.Б.
_gСаид-Али Бетлевич
801 0 _aRU
_bNLR
_gpsbo
801 1 _aRU
_bELAR
_2rusmarc
852 _aNLR
_j77-6/8728
942 _cBOOK
980 _aNB